00373 2200157 4500245004100000250001100041100001400052700001400066650001800080005001900098260004100117041001400158084001000172300002400182336000900206 aBuku Pintar MasakancEdi SigarhText aCet. 1 aEdi Sigar aErna Wati aResep Masakan a20241018134547 aJakartabPT Aksara Media Agungc1993 aIndonesia a641.5 a569 hlm :c20,5 cm. atext